000 01068nam a2200241 a 4500
003 BD-RjUL
005 20230305154255.0
008 230305s2018 bg a|||| m||| 00| 0 eng d
035 _a(BD-RjUL)
040 _aBD-RjUL
_beng
_cBD-RjUL
_dBD-RjUL
041 _aeng
082 _a573.67954924
_bAWG 2018
_223
100 _aAwal, Md. Abdul
_92990
245 1 0 _aGum bleeding During pregnancy and Associated risk Factors Among Women in Rajshahi District /
_cMd. Abdul Awal ;
_6Supervisor : K. A. A. Shahadat Hossain Mondal, Co-Supervisor : Md. Obaidur Rahman Chowdhury
260 _aRajshahi :
_bInstitute of Biological Sciences, University of Rajshahi,
_c2018
300 _axxi, 164 Leaves :
_bill, ;
_c29 cm.
502 _aThesis (Ph. D.) -- Institute of Biological Sciences, University of Rajshahi, 2018
504 _aReferences ; Leaves 112-135
650 _aRisk
_vpregnancy and Lactation
_zRajshahi District
_97131
700 _aMondal, K. A. A. Shahadat Hossain, Supervisor
_97132
700 _aChowdhury, Md. Obaidur Rahman, Co-Supervisor
_97133
942 _2ddc
_cTHE
999 _c81279
_d81279